000 00713nam a22002057a 4500
999 _c180168
_d180168
005 20210727152847.0
010 _aB-740652
020 _a9788173048531
_c595.00
035 _aB-740652
037 _bGift
082 _a940.2
100 _aSinha, Arvind
245 _aEurope in transition:
_bfrom feudalism to industrialization /
_cby Arvind Sinha
260 _aNew Delhi
_bManohar
_c2013
270 _a4753/23, Ansari Road
_bDaryaganj
_e110002
300 _a782p.:
_bmaps.
_c22cm(pbk)
500 _ainclude bibliographical references and index
942 _2ddc
_cEN
_mSIN
_h940.2